Webster's new thesaurus: for school home and office (Record no. 37001)

MARC details
000 -LEADER
fixed length control field 00464nam a2200169Ia 4500
020 ## - INTERNATIONAL STANDARD BOOK NUMBER
ISBN 1855343223
050 ## - CALL MARK
Classification number PE 1591 .W426/
245 #0 - TITLE STATEMENT
Title Webster's new thesaurus: for school home and office
260 ## - PUBLICATION, DISTRIBUTION, ETC. (IMPRINT)
Place of publication New York
260 ## - PUBLICATION, DISTRIBUTION, ETC. (IMPRINT)
Name of publisher Russell, Geddes & Grosset, Windsor court
260 ## - PUBLICATION, DISTRIBUTION, ETC. (IMPRINT)
Year of publication 1990
300 ## - PHYSICAL DESCRIPTION
Number of Pages 254 p
650 ## - SUBJECT ADDED ENTRY--TOPICAL TERM
Topical Term English language--Synonyms and antonyms.
942 ## - ADDED ENTRY ELEMENTS (KOHA)
Koha item type Books
Holdings
Withdrawn status Lost status Source of classification or shelving scheme Damaged status Not for loan Permanent Location Current Location Date acquired Accession Number Price effective from Koha item type
    Library of Congress Classification     NILE UNIVERSITY OF NIGERIA - MAIN LIBRARY NILE UNIVERSITY OF NIGERIA - MAIN LIBRARY 04/23/2025 0000717 04/23/2025 Books